[Event "FRA-chT3 0405"]
[Site "France"]
[Date "2005.04.02"]
[Round "8"]
[White "Nicolas, Tanguy"]
[Black "Bignon, Anne Tifenn"]
[Result "0-1"]
[WhiteElo "1020"]
[BlackElo "1530"]
[PlyCount "62"]
[EventDate "2004.10.10"]
[EventType "team"]
[EventRounds "9"]
[EventCountry "FRA"]
[SourceTitle "EXT 2007"]
[Source "ChessBase"]
[SourceDate "2006.11.23"]
[SourceVersion "1"]
[SourceVersionDate "2006.11.23"]
[SourceQuality "1"]

1. e4 e5 2. Nc3 Nc6 3. Nf3 Nf6 4. Bb5 a6 5. Bc4 Bc5 6. 0-0 d6 7. d3 Be6 8. Be3 Bxc4 9. Bxc5 Bxd3 10. cxd3 dxc5 11. Re1 Qd6 12. Qd2 Nd4 13. Ng5 h6 14. Nh3 Nh5 15. g3 Nf3+ 16. Kf1 Nxd2+ 17. Ke2 Qe6 18. Kxd2 Qxh3 19. Kc1 Qxh2 20. Rf1 Nf6 21. Kc2 Ng4 22. Ne2 Ne3+ 23. Kd2 Nxf1+ 24. Rxf1 0-0-0 25. Ng1 Qh5 26. f3 Qg5+ 27. f4 Qxg3 28. fxe5 Qxd3+ 29. Kc1 Qxf1+ 30. Kc2 Qd3+ 31. Kc1 Qd1# 0-1